| 000 | 00501nam a2200193Ia 4500 | ||
|---|---|---|---|
| 005 | 20140428132538.0 | ||
| 008 | 140130s9999 xx 000 0 und d | ||
| 020 | _a0590994964 | ||
| 050 |
_aPZ 7 _b.W7547Fo 1988 |
||
| 100 |
_aWinter, Jeanette _929214 |
||
| 245 |
_cJeanette Winter. _aFollow the drinking gourd / |
||
| 260 |
_bScholastic, _c1988. _aUSA : |
||
| 300 |
_a32 p. : _bcol. ill. ; _c28 cm. |
||
| 440 |
_v1 _931101 |
||
| 521 | _aG4 | ||
| 526 | _c630 | ||
| 942 |
_cBK _2lcc |
||
| 999 |
_c40816 _d40816 |
||